Legal Research and Writing in Pakistan / (Record no. 586023)

000 -LEADER
fixed length control field 00405nam a22001337a 4500
020 ## - INTERNATIONAL STANDARD BOOK NUMBER
International Standard Book Number 9789695571217
082 ## - DEWEY DECIMAL CLASSIFICATION NUMBER
Classification number 340.072 NAY
100 ## - MAIN ENTRY--PERSONAL NAME
Personal name Nyazee, Imran Ahsan Khan
245 ## - TITLE STATEMENT
Title Legal Research and Writing in Pakistan /
Statement of responsibility, etc. Imran Ahsan Khan Nyazee
260 ## - PUBLICATION, DISTRIBUTION, ETC.
Place of publication, distribution, etc. Lahore :
Name of publisher, distributor, etc. Federal Law House,
Date of publication, distribution, etc. 2014.
300 ## - PHYSICAL DESCRIPTION
Extent 432 p. ;
Dimensions 24 cm.
942 ## - ADDED ENTRY ELEMENTS (KOHA)
Source of classification or shelving scheme
Koha item type Book
Holdings
Withdrawn status Lost status Source of classification or shelving scheme Damaged status Not for loan Permanent Location Current Location Shelving location Date acquired Total Checkouts Total Renewals Full call number Barcode Date last seen Date last checked out Price effective from Koha item type
          NUST Law School (NLS) NUST Law School (NLS) Law 07/26/2021 2 6 340.072 NYA CL-591 12/02/2025 07/20/2024 07/26/2021 Book
© 2023 Central Library, National University of Sciences and Technology. All Rights Reserved.